|
|
|
|
| LEADER |
00000cam a2200000 7i4500 |
| 001 |
0000000891 |
| 005 |
20140405.0 |
| 090 |
0 |
0 |
|a R THE634.92
|b WAN 1999
|
| 100 |
0 |
0 |
|a WAN Abdul Hamid bin Wan Abdul Rahman
|
| 245 |
1 |
0 |
|a Establishment and maintenance practices of forest plantations in Peninsular Malaysia
|c Wan Abdul Hamid Shukri bin Wan Abdul Rahman
|
| 260 |
0 |
0 |
|a Serdamg, Selangor :
|b UPM ,
|c 1999
|
| 300 |
|
|
|a xiv, 146 p. :
|b col. photos ;
|c 30 cm.
|
| 500 |
0 |
0 |
|a Bachelor of Forest Science - UPM, 1999
|
| 650 |
0 |
0 |
|a Forest management
|
| 650 |
0 |
0 |
|a Tree farms
|z Peninsular Malaysia
|
| 998 |
|
|
|a JPSM
|
| 999 |
|
|
|a 0000001909
|b Monograph
|c Thesis
|e Default branch
|